British and Irish Lions squad 2025 - Statistics

General Stats
  • This quiz has been taken 125 times
  • The average score is 33 of 39
Answer Stats
Position Country Answer % Correct
Fly Half Scotland Finn Russell
96%
Head Coach England Andy Farrell
95%
Prop England Ellis Genge
95%
Fly Half England Fin Smith
95%
Fly Half England Marcus Smith
95%
Centre Ireland Bundee Aki
94%
Winger Ireland James Lowe
94%
Second Row England Maro Itoje
94%
Hooker Ireland Dan Sheehan
91%
Full Back Scotland Blair Kinghorn
90%
Scrum Half Ireland Jamison Gibson-Park
90%
Centre Ireland Gary Ringrose
89%
Scrum Half England Alex Mitchell
88%
Full Back Ireland Hugo Keenan
88%
Winger Ireland Mack Hansen
88%
Second Row Ireland Tadhg Beirne
88%
Winger Scotland Duhan van der Merwe
86%
Centre Scotland Huw Jones
86%
Back Row Wales Jac Morgan
86%
Hooker England Luke Cowan-Dickie
86%
Hooker Ireland Ronan Kelleher
86%
Prop Ireland Tadhg Furlong
85%
Back Row England Tom Curry
85%
Scrum Half Wales Tomos Williams
85%
Prop Ireland Andrew Porter
84%
Winger England Tommy Freeman
84%
Back Row England Ben Earl
81%
Back Row Ireland Jack Conan
81%
Back Row Ireland Josh van der Flier
80%
Second Row Ireland James Ryan
78%
Second Row England Ollie Chessum
78%
Prop England Will Stuart
78%
Prop Scotland Zander Fagerson
78%
Winger England Elliot Daly
76%
Back Row England Henry Pollock
75%
Prop Scotland Pierre Schoeman
75%
Centre Scotland Sione Tuipulotu
75%
Second Row Ireland James McCarthy
74%
Second Row Scotland Scott Cummings
70%
No matching quizzes found
Score Distribution
Percent of People with Each Score
Percentile by Number Answered
Your Score History
You have not taken this quiz